[Event "68th RUS-ch Women Superfinal 2018"]
[Site "Satka"]
[Date "2018.09.02"]
[Round "8"]
[White "Shuvalova, Polina"]
[Black "Kosteniuk, Alexandra"]
[Result "1-0"]
[WhiteElo "2413"]
[BlackElo "2559"]
[Annotator "TA"]
[PlyCount "117"]
[EventDate "2018.08.25"]
[EventType "tourn"]
[EventCountry "RUS"]
[SourceTitle "playchess.com"]
[Source "ChessBase"]
[SourceQuality "1"]

{[%evp 30,117,31,28,49,28,41,25,31,23,34,18,43,39,39,25,21,37,18,16,31,30,30,30,88,71,83,75,94,36,62,69,114,98,114,109,152,171,172,166,165,39,43,45,75,-135,192,197,210,210,334,154,172,178,328,311,329,341,299,290,344,358,332,299,308,310,364,295,305,310,820,816,957,919,1827,1733,1907,1793,12839,12839,12839,12840,12840,12841,12841,12841,12842,12842,12843,12843]} 1. e4 e5 2. Nf3 Nc6 3. Bb5 a6 4. Ba4 Nf6 5. O-O Be7 6. Re1 b5 7. Bb3 d6 8. c3 O-O 9. h3 h6 10. d4 Re8 11. Nbd2 Bf8 12. Nf1 Bb7 13. Ng3 Na5 14. Bc2 Nc4 15. b3 Nb6 16. Bd2 {LiveBook: 5 Games} g6 {C93: Closed Ruy Lopez: Smyslov Variation} 17. Bd3 Bg7 {[#]} (17... c6 18. Rb1 Bg7 19. Qc1 Kh7 20. Qc2 Rc8 21. a4 Nfd7 22. Bf1 Nf8 23. dxe5 dxe5 24. c4 {1-0 (39) Duda,J (2675)-Bruzon Batista,L (2623) Baku 2016}) 18. Rb1 $146 ({Predecessor:} 18. d5 c6 19. c4 Nbd7 20. Rc1 bxc4 21. bxc4 Nc5 22. Bc2 Nfd7 23. Be3 Qe7 24. Nd2 {1-0 (42) Djukic,N (2545)-Tesik,C (2366) Skopje 2013}) 18... Nfd7 {White has an edge.} 19. Qc1 Kh7 20. Qc2 exd4 21. cxd4 c5 22. d5 c4 23. bxc4 Nxc4 24. Bxc4 {Bd3 is the strong threat.} Rc8 25. Rb4 {Hoping for Qb1.} Nb6 $1 {[%cal Rb6c4]} 26. Bc3 Nxc4 (26... Bxc3 $11 27. Qxc3 Nxc4) 27. Bxg7 $16 Kxg7 28. a4 $1 $36 {[%mdl 2048] White is in control.} Qf6 29. Qd3 (29. Qb3 $16) 29... Rc5 30. Reb1 {[%cal Ra4b5]} Rec8 31. Nd4 Ne5 32. Qd2 Nc4 {[#]} 33. Ndf5+ $1 {[%mdl 512]} gxf5 {[%cal Bg6f5,Bf5f4][%mdl 32] [#]} 34. Rxc4 $1 {[%mdl 512]} Kh7 (34... bxc4 35. Nh5+) 35. Rcb4 (35. Rxc5 $18 Rxc5 36. axb5 (36. Nxf5 Bxd5 37. Nxd6 Qxd6 $16)) 35... f4 $1 $14 {[%cal Rf4g3]} 36. Nh5 Qg5 {[#]} 37. Qe2 $2 {[#]} (37. Nxf4 Rc2 $15) (37. Qd1 $1 $16 {is forced if you want to stay better.}) 37... Rg8 $2 {[%mdl 8192]} (37... a5 $1 $17 {[%cal Ra5b4] keeps the pressure on.} 38. R4b2 (38. Rxb5 Ba6 $17) 38... b4) 38. Qg4 $18 Qe5 39. Qh4 {And now Nf6+ would win.} Rg5 (39... Rgc8 $142 40. axb5 (40. Nf6+ Kg6 $16) 40... Rc1+ 41. Rxc1 Rxc1+ 42. Kh2 f3+ 43. Qf4 axb5 44. Rxb5 Ba6 45. Qxe5 dxe5) 40. Nxf4 (40. Qxf4 $18 {is the precise move to win.} Kg6 41. Qxe5 Rxe5 42. Nf4+ Kf6 43. Nd3) 40... Rc2 41. axb5 a5 (41... axb5 $142 42. Rxb5 Bc8) 42. Ra4 Qc3 43. Rba1 Qf3 44. b6 ({Less strong is} 44. Rxa5 Qxe4 45. R5a4 Rc4 $16) 44... Qb3 45. Rxa5 Qxb6 46. R5a3 Qd4 47. Re1 Rc4 48. Rd3 Qe5 49. Rde3 Bxd5 $2 (49... Bc8 50. Kh1 Ra4) 50. Nxd5 {Black must now prevent f4.White is clearly winning.} ({Weaker is} 50. exd5 Rxf4 51. Rxe5 Rxh4 $16) 50... Qxd5 51. f4 (51. exd5 Rxh4 52. Rf3 Kg6 $16) 51... Rh5 52. Qg4 ({Not} 52. exd5 Rxh4 53. Ra3 Rhxf4 $14) 52... Qc5 53. Kh2 Rc3 54. Rxc3 Qxc3 55. Qxh5 Qxe1 56. Qxf7+ Kh8 57. Qf8+ Kh7 58. Qe7+ Kg8 59. Qxd6 {Precision: White = 49%, Black = 40%.} 1-0

[Event "68th RUS-ch Women Superfinal 2018"]
[Site "Satka"]
[Date "2018.09.02"]
[Round "8"]
[White "Gritsayeva, Oksana"]
[Black "Pogonina, Natalija"]
[Result "0-1"]
[WhiteElo "2391"]
[BlackElo "2469"]
[Annotator "TA"]
[PlyCount "128"]
[EventDate "2018.08.25"]
[EventType "tourn"]
[EventCountry "RUS"]

{[%evp 12,128,27,27,19,20,33,14,24,5,8,5,16,19,23,12,7,4,12,8,11,8,24,18,22,17,24,0,0,0,5,0,29,22,21,13,46,37,63,20,74,-22,0,-7,-13,-39,-41,-29,-10,-10,-10,-10,-12,-12,-12,-10,-9,-19,-13,-27,0,-116,-116,-116,-116,-106,-99,-103,-103,-121,-99,-116,-93,-97,-104,-166,-163,-179,-177,-233,-180,-184,-154,-152,-134,-217,-211,-263,-236,-352,-349,-347,-335,-544,-509,-1456,-1403,-1439,-1412,-4710,-4710,-1246,-2141,-2745,-2473,-29960,-29960,-29967,-29968,-12559,-4827,-29983,-29984,-29984,-29985,-29985,-29986,-29987,-29988]} 1. d4 d5 2. c4 e6 3. Nc3 Nf6 4. Nf3 Nbd7 5. Bf4 dxc4 6. e3 Nb6 7. Bxc4 {LiveBook: 86 Games. D37: Queen's Gambit Declined: 5 Bf4} Bd6 8. Bxd6 cxd6 9. Be2 {White is slightly better.} Nbd5 10. Qa4+ $146 ({Predecessor:} 10. Nxd5 Nxd5 11. O-O Bd7 12. Qb3 Qb6 13. Nd2 Qxb3 14. Nxb3 Ba4 15. Rfc1 Kd7 16. Kf1 Bxb3 17. axb3 {0-1 (55) Vrolijk,L (2435)-L'Ami,E (2630) Maastricht 2018}) 10... Bd7 11. Qa3 Nxc3 12. bxc3 Qc7 13. Nd2 O-O 14. O-O Bc6 15. Rac1 e5 16. Rfd1 Rfd8 17. c4 exd4 18. exd4 Re8 19. Bf3 (19. Bd3 {seems wilder.} b6 20. Nf1 Rad8 21. h3 h6 22. Ne3) 19... Bxf3 20. Qxf3 Re7 21. Nf1 {[%cal Bd2f1,Bf1e3,Be3f5][%mdl 32]} Qa5 22. Ne3 Rae8 23. h3 b6 24. Nf5 Rd7 25. Kh2 Rdd8 (25... g6 $11 26. Ne3 Kg7) 26. Rc3 (26. d5 $16 {Black must now prevent Qg3.} Qxa2 27. Qf4) 26... g6 $1 $11 27. Ng3 Qg5 28. Ra3 Re7 29. Rb3 Rc7 30. Rb5 d5 31. c5 bxc5 32. Rxc5 Rxc5 33. dxc5 Rc8 34. Qc3 Qf4 $36 {[%mdl 2048] Black is more active.} 35. Kg1 Ne4 36. Qd4 {[#]} (36. Nxe4 $11 Qxe4 37. Qa3) 36... Nxg3 $1 $17 {[%mdl 512]} 37. fxg3 Qxd4+ 38. Rxd4 Rxc5 {[%mdl 4096] Endgame KR-KR} 39. Ra4 a5 40. Kf2 Kg7 41. Ke3 Kf6 42. Kd4 Rb5 43. Ra3 (43. g4 $17) 43... Ke6 $19 44. Re3+ Kd6 45. Kc3 (45. g4 $142) 45... Rb1 46. g4 Rf1 47. Re2 Kc5 48. Rb2 (48. Rc2 $17 {was called for.}) 48... a4 49. Rb7 Rf2 50. a3 {[#]} (50. Rc7+ {was necessary.} Kd6 51. Ra7) 50... d4+ $1 {[%cal Bd5d4,Bd4d3][%mdl 32]} (50... Rxg2 $2 51. Rc7+ Kd6 52. Rxf7 $19) 51. Kd3 Rxg2 52. Rxf7 $2 (52. Rc7+ Kd5 53. Rd7+ Ke5 54. Kc4) 52... Rg3+ 53. Ke4 (53. Kc2 $142 Rc3+ 54. Kb2 Rxh3 55. Rc7+ Kd5 56. Ra7) 53... Re3+ 54. Kf4 Rxh3 55. Ra7 d3 56. Rd7 Kc4 57. Ke4 Kb3 58. g5 Kxa3 59. Rb7 Ka2 60. Rd7 Kb2 61. Rb7+ Kc2 {Black mates.} 62. Rc7+ Kd1 63. Rc3 Ke2 64. Ra3 Rh4+ {Precision: White = 41%, Black = 70%.} 0-1

[Event "68th RUS-ch Women Superfinal 2018"]
[Site "Satka"]
[Date "2018.09.03"]
[Round "9"]
[White "Kosteniuk, Alexandra"]
[Black "Girya, Olga"]
[Result "1/2-1/2"]
[WhiteElo "2559"]
[BlackElo "2462"]
[Annotator "TA"]
[PlyCount "100"]
[EventDate "2018.08.25"]
[EventType "tourn"]
[EventCountry "RUS"]
[SourceTitle "playchess.com"]
[Source "ChessBase"]
[SourceQuality "1"]

{[%evp 15,100,32,32,27,31,32,33,0,29,29,97,57,57,54,54,56,54,53,54,41,54,62,66,56,73,82,89,79,85,53,58,65,128,40,29,0,0,0,0,0,0,4,16,14,79,58,97,38,40,40,45,12,31,0,0,0,0,0,0,0,0,0,12,-8,-8,-8,0,0,-8,-20,-20,-20,-20,-49,0,-26,0,0,0,0,0,0,0,0,0,0,0]} 1. e4 c6 2. d4 d5 3. e5 Bf5 4. Nf3 e6 5. Be2 Ne7 6. c3 h6 7. O-O Nd7 8. Nbd2 {B12: Caro-Kann (Vorstoß-Variante)} a5 {LiveBook: 6 Partien} (8... c5 9. dxc5 Nxc5 10. Nd4 Nd7 11. Nxf5 Nxf5 12. Bd3 Ne7 13. Nf3 Nc6 14. Re1 Qc7 15. Qe2 g5 {0-1 (50) Karjakin,S (2773)-Mamedyarov,S (2801) Saint Louis 2018}) 9. a4 Bg6 10. b4 {Weiß steht etwas besser.} Nc8 11. bxa5 $146 ({Vorgänger:} 11. b5 c5 12. Nb3 Ncb6 13. Be3 cxd4 14. cxd4 Nc4 15. Nfd2 Nb2 16. Qc1 Nd3 17. Qd1 Nb2 18. Qc1 Nd3 19. Qd1 {½-½ (19) Shirov,A (2685)-Popov,V (2528) Jurmala 2016}) 11... Rxa5 12. c4 b6 (12... Be7 $11 {hält das Gleichgewicht.}) 13. Nb3 Ra8 14. cxd5 cxd5 15. Ne1 Be7 16. Bd3 Bxd3 17. Nxd3 O-O 18. Qg4 {Und weiter mit Lxh6 wäre nett.} Kh7 19. Bd2 Na7 20. f4 f5 21. exf6 $1 Rxf6 22. f5 exf5 23. Rxf5 Nf8 {[#]} (23... Bd6 $14) 24. Rxf6 (24. Nf4 $1 $16) 24... Bxf6 $14 25. Nb4 {Schwarz muss nun Df3 beachten.} Nc8 26. Qf5+ Kh8 27. Qxd5 Ne7 28. Qe4 Rc8 29. Rf1 {Mit der Idee d5.} Qd7 (29... Qd6 $11) 30. Bxh6 $1 $16 Qe6 {[#]} 31. Qxe6 (31. Qf3 $1 $16) 31... Nxe6 $14 32. d5 Nc5 33. Nxc5 (33. d6 $5 {[%cal Rd6e7]} Nxb3 34. dxe7 Bd4+ 35. Kh1 $16) 33... bxc5 34. d6 (34. Nc2 {seems wilder.} Nxd5 35. Bd2 c4 36. Rb1 c3 37. Bc1) 34... cxb4 35. dxe7 Bxe7 $11 {[%mdl 4096] Endspiel KTL-KTL} 36. Be3 Ra8 37. Bd4 Kg8 38. Re1 Bg5 39. a5 Rxa5 40. Re8+ Kf7 41. Rb8 Be7 42. Rb7 g5 43. Kf2 Ke6 44. Kf3 Ra2 45. h3 Ra3+ (45... Kd5 $5 {[%cal Rd5d4]} 46. Bg1 Bd6 $17) 46. Ke4 {Die Stellung ist ausgeglichen.} Rg3 47. Rb6+ Kf7 48. Rb7 {zielt auf Lc5 ab.} Ke6 49. Rb6+ Kd7 50. Rb7+ Ke6 {Precision: Weiß = 57%, Schwarz = 59%.} 1/2-1/2

[Event "68th RUS-ch Women Superfinal 2018"]
[Site "Satka"]
[Date "2018.09.03"]
[Round "9"]
[White "Goryachkina, Aleksandra"]
[Black "Gritsayeva, Oksana"]
[Result "1-0"]
[WhiteElo "2535"]
[BlackElo "2391"]
[Annotator "TA"]
[PlyCount "117"]
[EventDate "2018.08.25"]
[EventType "tourn"]
[EventCountry "RUS"]
[SourceTitle "playchess.com"]
[Source "ChessBase"]
[SourceQuality "1"]

{[%evp 18,117,45,37,66,62,75,60,62,62,49,17,25,41,43,14,86,74,62,74,131,121,139,45,75,34,39,33,41,48,35,30,36,33,49,16,20,14,30,22,27,5,10,12,20,15,58,52,81,84,127,118,122,117,124,126,122,124,124,126,117,117,125,107,133,127,143,112,212,198,222,209,210,203,262,288,391,347,364,368,345,331,417,414,470,488,455,446,513,497,589,581,908,910,892,877,853,803,796,781,719,705]} 1. d4 Nf6 2. c4 c5 3. d5 e6 4. Nc3 exd5 5. cxd5 d6 6. Nf3 g6 7. Bf4 Bg7 8. e3 {A61: Modern Benoni: Nf3 without early e4} O-O 9. Be2 (9. h3 Qe7 10. Nd2 Nh5 11. Bh2 f5 12. Be2 f4 13. O-O fxe3 14. Nde4 exf2+ 15. Kh1 Bxc3 16. Nxc3 {0-1 (49) Xiong,J (2665)-Caruana,F (2804) Saint Louis 2018}) 9... a6 10. a4 {LiveBook: 31 Games. White is slightly better.} Re8 11. Nd2 Nbd7 $146 ({Predecessor:} 11... Bf8 12. Nc4 Qc7 13. O-O Nbd7 14. Qb3 Rb8 15. Rfd1 Ne4 16. Nxe4 Rxe4 17. Qc2 {½-½ (47) Alsina Leal,D (2521)-Cordova,E (2627) Linares 2016}) 12. Bxd6 Nb6 $1 13. Bxc5 Nfxd5 14. Bxb6 Nxb6 15. O-O Bf5 16. Nf3 Qxd1 (16... Rc8 $11 {remains equal.}) 17. Rfxd1 $16 Rac8 18. Nd4 Nc4 (18... Bd7 $142) 19. Bxc4 Rxc4 20. h3 (20. Nxf5 $16 gxf5 21. g3) 20... Rb4 21. Rd2 Be6 22. Nxe6 fxe6 23. Ra3 Rc8 24. Kf1 Kf8 25. Ke2 Ke7 26. Kd1 Rcc4 27. a5 Rc5 28. Rc2 Be5 29. Kc1 g5 30. Nd1 Rcb5 31. Ra2 Kd7 32. Nc3 Rc5 33. Na4 $1 {[%cal Ra4c5]} Rc6 34. Nc5+ Kd6 35. Nd3 $1 $36 {[%cal Rd3b4][%mdl 2048] White is on the roll.} Rbc4 36. Rxc4 $1 Rxc4+ {[%mdl 4096] Endgame KRB-KRN} 37. Kd2 Bf6 38. Ra3 Bd8 39. b3 Rc8 40. Ra4 Bf6 41. f3 Bc3+ 42. Kd1 Kd5 (42... Ke7 $16 {was called for.}) 43. h4 $18 h6 44. hxg5 hxg5 45. Rg4 Bf6 {[#]} 46. Rb4 $1 Rc3 47. Kd2 Rc7 48. e4+ {[%cal Be3e4,Be4e5][%mdl 32]} Kd6 {...Bc3+ is the strong threat.} 49. Rb6+ Kd7 {And now ...Bc3+ would win.} 50. e5 Bd8 {[#]} 51. b4 $1 {White is clearly winning.} Be7 52. Ke3 g4 53. fxg4 Rc4 54. Rxb7+ Ke8 55. b5 axb5 56. a6 {[%cal Ba5a6,Ba6a7][%mdl 32]} Bg5+ 57. Ke2 Rc2+ 58. Kf1 Be3 59. a7 {Precision: White = 66%, Black = 33%.} 1-0

[Event "68th RUS-ch Women Superfinal 2018"]
[Site "Satka"]
[Date "2018.09.03"]
[Round "9"]
[White "Pogonina, Natalija"]
[Black "Galliamova, Alisa"]
[Result "1-0"]
[WhiteElo "2469"]
[BlackElo "2424"]
[Annotator "TA"]
[PlyCount "137"]
[EventDate "2018.08.25"]
[EventType "tourn"]
[EventCountry "RUS"]
[SourceTitle "playchess.com"]
[Source "ChessBase"]
[SourceQuality "1"]

{[%evp 22,137,0,0,42,7,29,16,52,43,43,43,39,43,79,45,36,30,39,4,16,0,0,-10,24,21,38,43,22,30,37,29,19,20,74,71,69,72,113,111,114,118,133,136,172,164,168,157,190,196,206,198,182,87,192,180,189,176,203,193,258,233,398,393,429,389,358,268,286,233,217,208,308,206,217,218,297,309,314,314,297,270,822,899,1067,1063,1052,1029,995,983,5628,1091,868,854,29978,4962,29963,29966,29975,29975,29976,29976,29977,29978,29979,29980,29979,29972,29974,29975,29977,29978,29981,29978,29980,29980,29980,29980]} 1. d4 Nf6 2. c4 b6 3. Nc3 Bb7 4. Bg5 e6 5. Nf3 h6 6. Bh4 Be7 7. e3 O-O 8. Be2 d5 9. Bxf6 Bxf6 10. cxd5 exd5 11. Qb3 Re8 12. O-O {LiveBook: 51 Games} a6 {D58: Queen's Gambit Declined: Tartakower Defence} (12... c6 13. Rfe1 Nd7 14. Rad1 g6 15. e4 Nf8 16. e5 Bg7 17. Bd3 Ne6 18. Bb1 Qe7 19. Qc2 Red8 20. h4 h5 21. Qd2 Re8 22. Ng5 Nxg5 23. hxg5 Qe6 {½-½ (55) Korobov,A (2713)-Meier,G (2623) Antalya 2013}) 13. Rfd1 Qd6 14. Ne1 $146 ({Predecessor:} 14. Rac1 Nd7 15. Rd2 g6 16. Rdc2 Nf8 17. Bf1 Bg7 18. Ne1 Re7 19. Nd3 Ne6 20. Nb4 {½-½ (84) Villa,G (1954)-Gonella,D (2112) Erba 2012}) 14... Bd8 {The position is equal.} 15. Bf3 {[%cal Rc3d5]} c6 16. e4 dxe4 17. Nxe4 Qg6 18. Ng3 Nd7 19. Nd3 Rb8 20. Re1 Bc7 21. Rac1 a5 22. Bh5 Qf6 23. Ne4 $1 {[%cal Re4f6]} Bxh2+ 24. Kxh2 Qh4+ 25. Kg1 Qxh5 26. Nd6 $1 $36 {[%mdl 2048] Black is under pressure.} Rxe1+ 27. Rxe1 {Black must now prevent Re7.} Qd5 (27... a4 $11 28. Qxa4 Qg6 29. Nxb7 Qxd3) 28. Qxd5 $16 cxd5 29. Re7 Ba6 30. Nf4 ({Of course not} 30. Rxd7 $6 Bxd3 31. Nxf7 Bf5 $11) (30. Rxf7 $6 Rd8 $11) (30. Nxf7 $6 Bxd3 31. Rxd7 Bf5 $11) 30... Nf6 31. Rxf7 {Strongly threatening Ne6.} Ne4 {[#]} 32. Rd7 $1 Nf6 33. Ra7 Bc8 34. Rc7 Ba6 35. Ne6 Ne8 36. Nxe8 Rxe8 37. Rxg7+ $18 {[%mdl 4096] Endgame KRB-KRN} Kh8 38. Rg6 Kh7 39. Rf6 a4 40. Kh2 {Threatens to win with Nc7.} Bc4 (40... Bf1 {is a better defense.} 41. b3 b5) 41. a3 b5 $2 (41... Rg8 42. Nf4 b5) 42. f4 Rg8 43. g3 h5 44. Kg2 Bd3 45. Kf2 Bb1 46. Rf8 Rg4 (46... Rg6 {was called for.}) 47. Rd8 h4 {[#]} 48. gxh4 $1 ({Weaker is} 48. Rxd5 hxg3+ 49. Kg1 Ba2 $11) 48... Rxh4 49. Kg3 ({Not} 49. Rxd5 Rh2+ 50. Ke3 Rxb2 $16) 49... Rh1 50. Rxd5 Bd3 51. f5 Rb1 $2 (51... Rf1 52. Nc7 Kh6 53. Nxb5 Bxb5) 52. Rd7+ Kh6 53. f6 Bg6 54. f7 Bxf7 55. Rxf7 Rxb2 {KRN-KR} 56. Rb7 Kg6 57. Kf4 Rb3 58. Nc5 (58. Nf8+ $142 Kf6 59. Nd7+ Ke6 60. Nc5+ Kf6 61. Nxb3 b4 62. Rxb4 axb3 63. Rb5) 58... Rxa3 59. Rxb5 {White mates.} Ra2 60. Ra5 a3 61. Ke5 Re2+ 62. Kd6 a2 63. d5 Kf5 64. Nd3 Ke4 65. Nb4 Rb2 66. Nxa2 Rb8 67. Nc3+ Kd4 68. Nb5+ Kc4 69. Nc7 {Precision: White = 67%, Black = 33%.} 1-0

[Event "68th RUS-ch Women Superfinal 2018"]
[Site "Satka"]
[Date "2018.09.03"]
[Round "9"]
[White "Kashlinskaya, Alina"]
[Black "Shuvalova, Polina"]
[Result "0-1"]
[WhiteElo "2440"]
[BlackElo "2413"]
[Annotator "TA"]
[PlyCount "70"]
[EventDate "2018.08.25"]
[EventType "tourn"]
[EventCountry "RUS"]
[SourceTitle "playchess.com"]
[Source "ChessBase"]
[SourceQuality "1"]

{[%evp 18,70,25,31,31,-4,-3,-22,-25,-25,23,23,22,-85,-79,-253,-263,-261,-266,-247,-247,-256,-250,-272,-310,-320,-325,-447,-453,-536,-497,-935,-916,-927,-942,-856,-704,-681,-700,-1210,-1192,-1387,-1369,-1341,-1330,-1342,-1289,-1550,-1752,-1670,-1625,-2695,-2639,-29994,-897]} 1. e4 c5 2. Nf3 Nc6 3. Bb5 g6 4. Bxc6 dxc6 5. d3 Bg7 6. h3 Nf6 7. O-O O-O 8. Nc3 Re8 {B31: Sicilian: 2...Nc6 3 Bb5 g6} (8... Nd7 9. Be3 e5 10. Qd2 Re8 11. Bh6 Bh8 12. Nh2 Nf8 13. f4 exf4 14. Qxf4 Qe7 15. Bg5 Bd4+ 16. Kh1 Ne6 17. Bxe7 Nxf4 18. Bxc5 Bxc5 19. Rxf4 {0-1 (46) Bologan,V (2640)-Andreikin,D (2736) Sochi 2016}) 9. Bf4 b6 10. Qd2 {LiveBook: 3 Games} Nh5 {White is slightly better.} 11. Bh2 $146 ({Predecessor:} 11. Bh6 Bh8 12. Nh2 c4 13. dxc4 Qxd2 14. Bxd2 Ba6 15. g4 Bxc3 16. Bxc3 {1-0 (38) Oral,T (2512)-Zwardon,V (2410) Czech Republic 2018}) 11... e5 12. Qe3 Qd6 13. Ne2 f5 14. exf5 gxf5 15. d4 (15. Qg5 $11 {remains equal.} Qg6 16. Qxg6 hxg6 17. Nc3) 15... cxd4 $17 16. Nfxd4 $2 (16. Nexd4 $17 {was forced.} f4 17. Qb3+ Kf8 18. Rfe1 (18. Ng5 $2 Qg6 $19)) 16... Qg6 $19 17. Qb3+ Kh8 18. Nf3 Be6 19. c4 f4 20. Kh1 {[#]} b5 $1 {[%mdl 512]} 21. Rac1 (21. cxb5 Bxb3) 21... Rad8 ({Don't do} 21... bxc4 22. Qc2 $19) (21... Bxc4 22. Rxc4 bxc4 23. Qxc4 $19) 22. Qa3 Bxc4 23. Rfe1 Rg8 24. g4 (24. Rxc4 $142 bxc4 25. Qc5) 24... fxg3 25. Nxg3 Rd3 26. Rc3 {[#]} b4 $1 {[%mdl 512]} 27. Qxb4 Bd5 28. Ne4 {[#]} Bf6 $1 {[%csl Gg8][%cal Rg6g2][%mdl 512]} 29. Bg3 Nxg3+ 30. fxg3 {[#]} Rd4 $1 {[%mdl 512]} 31. Nxd4 exd4 32. Ra3 Bxe4+ 33. Kg1 Qf5 34. Qd2 d3 35. Kh2 {[#]} Qf3 {Precision: White = 35%, Black = 84%.} (35... Rxg3 $142 $1 {[%mdl 512]} 36. Kxg3 Qf3+ 37. Kh2 Be5+ 38. Kg1 Qh1+ 39. Kf2 Qg2+ 40. Ke3 Qf3#) 0-1

[Event "68th RUS-ch Women Superfinal 2018"]
[Site "Satka"]
[Date "2018.09.03"]
[Round "9"]
[White "Protopopova, Anastasiya"]
[Black "Bodnaruk, Anastasia"]
[Result "1-0"]
[WhiteElo "2332"]
[BlackElo "2449"]
[Annotator "TA"]
[PlyCount "63"]
[EventDate "2018.08.25"]
[EventType "tourn"]
[EventCountry "RUS"]
[SourceTitle "playchess.com"]
[Source "ChessBase"]
[SourceQuality "1"]

{[%evp 20,63,36,49,39,43,45,42,79,44,65,40,195,183,220,190,560,533,647,632,646,624,470,456,475,483,480,361,648,304,547,545,608,606,847,692,685,694,695,701,696,692,954,943,29991,29992]} 1. d4 Nf6 2. c4 g6 3. Nc3 Bg7 4. e4 d6 5. Be2 O-O 6. Bg5 c5 7. d5 h6 8. Be3 e6 9. Qd2 exd5 10. exd5 Kh7 11. h4 {LiveBook: 4 Games. E74: King's Indian: Averbakh Variation: 6...c5} (11. h3 Re8 12. Bd3 b5 13. Nxb5 Ne4 14. Bxe4 Rxe4 15. Rc1 a6 16. Nc3 Rxc4 17. a3 Nd7 18. Nf3 a5 19. O-O Qb6 20. Qc2 Rb8 {½-½ (38) Ponomariov,R (2723)-Grischuk,A (2752) Beijing 2011}) 11... Ng4 12. Bf4 Re8 13. Nh3 $146 {White is slightly better.} ({Predecessor:} 13. f3 Ne5 14. Bxe5 Bxe5 15. O-O-O Bf5 16. g4 Bd4 17. Ne4 Bxe4 18. fxe4 Rxe4 {0-1 (35) Jones,A-Jungnickel,M ICCF corr 1994}) 13... a6 14. O-O-O b5 15. Rde1 (15. f3 $5 {[%cal Rf3g4]} Ne5 16. cxb5 $14) 15... Ra7 $2 {[#]} (15... Ne5 $14) 16. h5 $1 $18 ({Don't take} 16. cxb5 $6 axb5 17. Bxb5 Rxe1+ 18. Rxe1 Ne5 $14) 16... b4 17. hxg6+ fxg6 $2 {[#]} (17... Kg8 {is more resistant.}) 18. Ne4 $1 {[%mdl 512]} Rxe4 19. Ng5+ $1 Qxg5 20. Bxg5 Rd4 21. Qc2 Bf5 22. Qb3 Nxf2 23. Rh4 Ne4 $2 {[#]} (23... Nd3+ 24. Bxd3 Rxd3) 24. Qe3 (24. Bxh6 $142 $1 {[%mdl 512]} Bxh6+ 25. Qe3) 24... h5 $2 (24... Nxg5 25. Qxg5 Rxh4 26. Qxh4 Rf7) 25. Reh1 Rf7 26. g4 Nxg5 27. gxf5 Rxf5 28. Rxd4 cxd4 29. Qe8 Rf8 30. Qe7 {Strongly threatening Bxh5.} Kh6 31. Qxd6 {[%csl Ge2][%cal Rh1h5]} Bf6 32. Qxf8+ {Precision: White = 82%, Black = 27%.} 1-0

[Event "68th RUS-ch Women Superfinal 2018"]
[Site "Satka"]
[Date "2018.09.03"]
[Round "9"]
[White "Tomilova, Elena"]
[Black "Gunina, Valentina"]
[Result "0-1"]
[WhiteElo "2332"]
[BlackElo "2528"]
[Annotator "TA"]
[PlyCount "76"]
[EventDate "2018.08.25"]
[EventType "tourn"]
[EventCountry "RUS"]
[SourceTitle "playchess.com"]
[Source "ChessBase"]
[SourceQuality "1"]

{[%evp 9,76,10,58,51,60,59,101,92,103,88,168,161,147,164,250,144,128,72,59,69,72,66,62,53,64,61,73,49,90,51,56,43,50,27,27,36,54,12,66,46,111,109,131,-242,-249,-242,-257,-254,-210,-576,-653,-637,-631,-616,-601,-777,-347,-777,-766,-756,-755,-733,-730,-711,-697,-762,-687,-1078,-1062]} 1. d4 Nf6 2. Nf3 c5 3. d5 e6 4. Nc3 b5 {[%cal Bb7b5,Bb5b4][%mdl 32]} 5. Bg5 Bb7 (5... b4 6. Ne4 Bb7 7. c4 bxc3 8. Bxf6 gxf6 9. Nxc3 f5 10. e3 Bg7 11. Bc4 Qb6 12. O-O O-O 13. Rb1 Na6 {1-0 (66) Eljanov,P (2717)-Jumabayev,R (2606) Baku 2015}) 6. e4 {A43: Alt-Benoni} b4 $1 {[%cal Rb4c3]} 7. Na4 $1 Qa5 8. Bxf6 $1 {Weiß steht besser.} gxf6 9. b3 f5 $146 (9... Rg8 $16) ({Vorgänger:} 9... d6 10. dxe6 fxe6 11. Bc4 Ke7 12. O-O Nc6 13. c3 {1-0 (30) Sundararajan,K (2452)-Suchomel,J (2173) Olomouc 2004}) 10. Bc4 $18 Bg7 11. O-O Na6 (11... Ba6 $142) 12. dxe6 (12. Ng5 $1 $18) 12... fxe6 $16 {[#]} 13. Ng5 (13. exf5 $142 $1 {[%mdl 512]} O-O-O (13... exf5 14. Qe2+) 14. Rb1 (14. fxe6 dxe6 15. Qe2 Bxa1 $14)) 13... O-O-O 14. Nf7 Bxa1 15. Qxa1 Rhg8 16. Qe5 Qc7 {...Dxe5 ist eine echte Drohung.} 17. Nd6+ Kb8 18. Re1 Ka8 19. Bxa6 Bxa6 20. Nxc5 Bc8 21. exf5 Qc6 {[%csl Gg8][%cal Rc6g2]} 22. g3 {Und weiter mit Te4 wäre nett.} exf5 23. Rd1 (23. Nd3 $5 {[%cal Rd3b4]}) 23... Rdf8 ({Günstiger ist} 23... f4 $11) 24. f4 h5 {[#]} (24... Rg6 $14) 25. Rd4 $1 {[%cal Rd4b4]} h4 26. Kf2 $2 {[%mdl 8192]} (26. Rxb4 $16 {ist nötig, um Vorteil zu sichern.} hxg3 27. h3) 26... hxg3+ $19 27. hxg3 {[#]} Rxg3 $3 {[%cal Bg8g3,Bg3c3,Bc3c2,Bc2d2][%mdl 544]} 28. Qd5 (28. Kxg3 $2 {verliert.} Rg8+ 29. Kf2 Qg2+ 30. Ke1 Qg1+ 31. Kd2 Rg2+ 32. Qe2 Qxd4+ 33. Nd3 Rxe2+ $19) 28... Rc3 29. Nd3 $2 (29. Qxc6+ {war die entscheidende Verteidigung.} dxc6 30. Rc4) 29... Rxc2+ 30. Ke3 Rh8 {( -> ...Th3+)} 31. Qxc6+ dxc6 {[%cal Rh8h3]} 32. Rc4 Rh3+ 33. Kd4 Rd2 {Schwarz steht klar auf Gewinn.} 34. Nxc8 Rhxd3+ 35. Ke5 Kb7 36. Ne7 Re2+ 37. Kf6 Rd6+ 38. Kf7 Rd7 {Precision: Weiß = 55%, Schwarz = 61%.} 0-1